Ποίηση και μεταποίηση : αίσθηση μύθου και ιστορίας στο έργο του Κυριάκου Χαραλαμπίδη

Αποθηκεύτηκε σε:
Λεπτομέρειες βιβλιογραφικής εγγραφής
Κύριος συγγραφέας: Αριστοδήμου, Τροοδία
Άλλοι συγγραφείς: Γαραντούδης, Ευριπίδης, 1964- (Συγγραφέας εισαγωγής κ.λπ.)
Μορφή: Βιβλίο
Γλώσσα:Greek
Δημοσίευση: Αθήνα : Ηρόδοτος, c2021.
Σειρά:Ιδέες και έρευνα (Ηρόδοτος)
Θέματα:
Ετικέτες: Προσθήκη ετικέτας
Δεν υπάρχουν, Καταχωρήστε ετικέτα πρώτοι!

MARC

LEADER 00000nam a2200000 a 4500
001 1/127671
008 231106s2021####gr | ||| |||| ||gre||
020 |a 9789604853557 
040 |a GR-MyUa  |b gre  |c GR-MyUa  |e AACR2 
041 0 |a gre 
082 7 |a 889.4   |2 (23) 
100 1 |a Αριστοδήμου, Τροοδία. 
245 1 0 |a Ποίηση και μεταποίηση :   |b αίσθηση μύθου και ιστορίας στο έργο του Κυριάκου Χαραλαμπίδη /   |c Τροοδία Αριστοδήμου ; πρόλογος: Ευριπίδης Γαραντούδης. 
260 |a Αθήνα :   |b Ηρόδοτος,   |c c2021. 
300 |a 485 σ. ;   |c 24 εκ.  
490 1 |a (Ιδέες και έρευνα / Ηρόδοτος) 
504 |a Βιβλιογραφία : σ. 395-420. 
504 |a Περιλαμβάνει βιβλιογραφικές παραπομπές και παραρτήματα.  
600 1 0 |a Χαραλαμπίδης, Κυριάκος,   |d 1940- 
650 0 |a Greek poetry, Modern  |z Cyprus. 
650 0 |a Greek poetry, Modern  |x History and criticism. 
700 1 |a Γαραντούδης, Ευριπίδης,   |d 1964-  |e aui 
830 0 |a Ιδέες και έρευνα (Ηρόδοτος) 
852 |a INST  |b RHODES  |e 20231106  |h 889.4 ΑΡΙ  |p 005400043874  |q 005400043874  |t BK  |y 0 
970 |z 06-11-2023